000 02267nam2a2200337 4500
001 RU\NLR\BIBL_A\022545182
005 20250627154321.0
010 _a978-5-9961-3289-8
_bт. 2
021 _aRU
_bКН-П-25-017629
_9КН-П-25-1792
035 _a(NLR Aleph) 022545182
090 _a13411534
_c13411534
100 _a20250520d2024 k y0rusy50 ca
101 0 _arus
102 _aRU
105 _aа z 100zy
200 0 _aТ. 2
210 _d2024
215 _a237 с.
_cил., табл.
461 0 _1001RU\NLR\BIBL_A\022541909
_12001#$aВодные ресурсы - основа глобальных и региональных проектов обустройства России, Сибири и Арктики в ХХI веке$eсборник статей национальной научно-практической конференции с международным участием (21-22 марта 2024 г.)$eв 2-х томах$fМинистерство науки и высшего образования Российской Федерации, Федеральное государственное бюджетное образовательное учреждение высшего образования "Тюменский индустриальный университет"$gотв. ред. Л. А. Пульдас$vТ. 2
606 1 _aДемографические процессы
_xУправление
_yРоссийская Федерация
_jСъезды, совещания и т.п
_2nlr_sh2
_3RU\NLR\AUTH\661500585
606 1 _aСельские поселения
_xРазвитие
_yСибирь
_jСъезды, совещания и т.п
_2nlr_sh2
_3RU\NLR\AUTH\6601543405
606 1 _aГорода
_xРазвитие
_yСибирь
_jСъезды, совещания и т.п
_2nlr_sh1
_2nlr_sh2
_3RU\NLR\AUTH\661276744
606 1 _aЗемлеустройство
_yРоссийская Федерация
_jСъезды, совещания и т.п
_2nlr_sh1
_2nlr_sh2
_3RU\NLR\AUTH\661299310
686 1 _aС73(2Р)74я431
686 1 _aУ04(2Р5)25я431
686 1 _aУ04(2Р5)22я431
686 1 _aУ32(2)-513(2Р)я431
942 _cBOOK
980 _aNB